[Event "Jugend WM U20"]
[Site "Istanbul"]
[Date "2005.11.17"]
[Round "8.30"]
[White "Barnaure, Vlad-Victor"]
[Black "Samakov, Nurdin"]
[Result "1-0"]
[WhiteElo "2454"]
[BlackElo "2209"]
[PlyCount "105"]
[EventDate "2005.11.??"]
[EventType "swiss"]
[EventRounds "13"]
[EventCountry "TUR"]
[Source "Reinhold Goldau"]
[SourceDate "2000.03.01"]

1. c4 e5 2. Nc3 Nf6 3. g3 Nc6 4. Bg2 Bc5 5. e3 d6 6. Nge2 O-O 7. O-O h6 8. d4
exd4 9. exd4 Bb6 10. Na4 Ne7 11. Nxb6 axb6 12. d5 Bd7 13. Nd4 Qc8 14. Re1 Ng6
15. b3 Bh3 16. Bh1 Qd7 17. Bb2 Rfe8 18. Nb5 Ne5 19. Qd2 Neg4 20. f3 Ne5 21. Nd4
Bf5 22. Re3 Bh7 23. Bg2 Re7 24. Bf1 Rae8 25. Rae1 Ng6 26. Rxe7 Rxe7 27. Rxe7
Nxe7 28. Nb5 Ne8 29. Nd4 Nf5 30. Ne2 Ne7 31. Nf4 Kf8 32. Kf2 Ng8 33. Qe3 Qe7
34. h4 Bf5 35. Qxe7+ Kxe7 36. h5 Ngf6 37. Ke3 g5 38. hxg6 fxg6 39. Ne2 Bd7 40.
Nd4 Ng7 41. Bd3 Kf7 42. Bc3 h5 43. Kf4 Nh7 44. g4 hxg4 45. fxg4 Nf6 46. Nf3
Nxg4 47. Ng5+ Kf8 48. Bxg6 Ne8 49. Nh7+ Ke7 50. Be1 Kd8 51. Bh4+ Kc8 52. Bxe8
Bxe8 53. Kxg4 1-0

[Event "Jugend WM U20"]
[Site "Istanbul"]
[Date "2005.11.17"]
[Round "8.31"]
[White "Kurmann, Oliver"]
[Black "Tikkanen, Hans"]
[Result "1/2-1/2"]
[WhiteElo "2287"]
[BlackElo "2343"]
[PlyCount "62"]
[EventDate "2005.11.??"]
[EventType "swiss"]
[EventRounds "13"]
[EventCountry "TUR"]
[Source "Reinhold Goldau"]
[SourceDate "2000.03.01"]

1. e4 g6 2. d4 Bg7 3. Nc3 d6 4. Be3 a6 5. Qd2 Nd7 6. h4 h5 7. Nh3 b5 8. a4 b4
9. Nd5 c5 10. Ng5 e6 11. Nf4 Qa5 12. c3 bxc3 13. bxc3 Nb6 14. Bd3 Bd7 15. e5
cxd4 16. cxd4 Qxd2+ 17. Kxd2 dxe5 18. dxe5 Bxe5 19. Nxg6 fxg6 20. Bxb6 Bxa1 21.
Bxg6+ Kf8 22. Rxa1 Ne7 23. Be4 Rb8 24. Bd4 Rh6 25. Nh7+ Kf7 26. Be3 Rxh7 27.
Bxh7 Nf5 28. Bxf5 exf5 29. Kc3 a5 30. Bc5 Rc8 31. Kd4 Rg8 1/2-1/2

[Event "Jugend WM U20"]
[Site "Istanbul"]
[Date "2005.11.17"]
[Round "8.32"]
[White "Maenhout, Thibaut"]
[Black "Aleskerov, Faik"]
[Result "1-0"]
[WhiteElo "2282"]
[BlackElo "2321"]
[PlyCount "89"]
[EventDate "2005.11.??"]
[EventType "swiss"]
[EventRounds "13"]
[EventCountry "TUR"]
[Source "Reinhold Goldau"]
[SourceDate "2000.03.01"]

1. e4 c6 2. d4 d5 3. Nd2 dxe4 4. Nxe4 Nf6 5. Nxf6+ gxf6 6. Nf3 Bg4 7. Be3 Qb6
8. Be2 Qb4+ 9. Qd2 Qxd2+ 10. Bxd2 Nd7 11. O-O-O O-O-O 12. c4 c5 13. dxc5 Nxc5
14. Be3 Rxd1+ 15. Rxd1 e5 16. h3 Be6 17. b3 b6 18. Kb2 Bg7 19. b4 Nd7 20. h4 h6
21. a4 f5 22. g3 Kc7 23. Kb3 a5 24. bxa5 bxa5 25. Bd2 Kc6 26. Bxa5 Nc5+ 27. Kc2
Nxa4 28. Ra1 Nb6 29. Bc3 f6 30. Ra7 Bf8 31. Nxe5+ fxe5 32. Bxe5 Bd6 33. Bxh8
Bc5 34. f3 Nd7 35. Ra6+ Nb6 36. g4 f4 37. Bg7 Kb7 38. Ra5 Bf2 39. Rh5 Nxc4 40.
Bxh6 Ne3+ 41. Kd2 Ng2 42. Re5 Bd7 43. h5 Kc7 44. Bg7 Be3+ 45. Kc3 1-0

[Event "Jugend WM U20"]
[Site "Istanbul"]
[Date "2005.11.17"]
[Round "8.34"]
[White "Yagiz, Yasin Emrah"]
[Black "Carron, Julien"]
[Result "0-1"]
[WhiteElo "2206"]
[BlackElo "2314"]
[PlyCount "74"]
[EventDate "2005.11.??"]
[EventType "swiss"]
[EventRounds "13"]
[EventCountry "TUR"]
[Source "Reinhold Goldau"]
[SourceDate "2000.03.01"]

1. Nf3 Nf6 2. c4 e6 3. g3 d5 4. Bg2 Be7 5. O-O O-O 6. d4 c6 7. b3 Nbd7 8. Bb2
b6 9. Nbd2 Bb7 10. Ne5 Rc8 11. Rc1 c5 12. cxd5 exd5 13. e3 Re8 14. Rc2 Nf8 15.
Qa1 Ne6 16. dxc5 bxc5 17. Rd1 Qb6 18. Ndf3 Rcd8 19. Bh3 Bf8 20. Ng4 Ne4 21. Bg2
Be7 22. h4 h5 23. Nge5 Bf6 24. Nd2 Nd6 25. Kh1 d4 26. Ndc4 Bxg2+ 27. Kxg2 Qb7+
28. f3 Bxe5 29. Nxe5 Nf5 30. Bc1 dxe3 31. Rxd8 Rxd8 32. Re2 Ned4 33. Rxe3 f6
34. Nc4 Nxe3+ 35. Bxe3 Qxf3+ 36. Kh2 Nc2 37. Qc3 Rd1 0-1

[Event "Jugend WM U20"]
[Site "Istanbul"]
[Date "2005.11.17"]
[Round "8.35"]
[White "Can, Emre"]
[Black "Stander, Heinrich"]
[Result "0-1"]
[WhiteElo "2287"]
[BlackElo "2128"]
[PlyCount "70"]
[EventDate "2005.11.??"]
[EventType "swiss"]
[EventRounds "13"]
[EventCountry "TUR"]
[Source "Reinhold Goldau"]
[SourceDate "2000.03.01"]

1. e4 c5 2. Nf3 d6 3. d4 cxd4 4. Nxd4 Nf6 5. Nc3 g6 6. Be3 Bg7 7. f3 O-O 8. Qd2
Nc6 9. O-O-O Nxd4 10. Bxd4 Be6 11. Kb1 Qc7 12. h4 Rfc8 13. h5 Qa5 14. hxg6 hxg6
15. a3 Rab8 16. Bd3 b5 17. Qg5 Bc4 18. Bxc4 Rxc4 19. Nd5 Rxd4 20. Rxd4 Nxd5 21.
Rxd5 Bf6 22. Qd2 Qc7 23. f4 a5 24. Qd3 b4 25. a4 Rc8 26. Re1 Bg7 27. e5 dxe5
28. fxe5 e6 29. Rd7 Qc6 30. Rd8+ Bf8 31. Rxc8 Qxc8 32. Rd1 Qc6 33. Qb5 Qxg2 34.
Qxa5 Qe2 35. Rd3 Qe1+ 0-1

[Event "Jugend WM U20"]
[Site "Istanbul"]
[Date "2005.11.17"]
[Round "8.36"]
[White "Laval, Brice"]
[Black "Amanov, Mesgen"]
[Result "0-1"]
[WhiteElo "2214"]
[BlackElo "2273"]
[PlyCount "64"]
[EventDate "2005.11.??"]
[EventType "swiss"]
[EventRounds "13"]
[EventCountry "TUR"]
[Source "Reinhold Goldau"]
[SourceDate "2000.03.01"]

1. e4 c5 2. Nc3 d6 3. Bc4 g6 4. f4 Bg7 5. Nf3 Nc6 6. O-O e6 7. d3 Nge7 8. Qe1
O-O 9. Kh1 Na5 10. Bb3 Bd7 11. Ne2 d5 12. c3 Nxb3 13. axb3 dxe4 14. dxe4 Bb5
15. Ne5 f6 16. Ng4 Qd3 17. Ng3 h5 18. Rf3 Qd7 19. Nf2 b6 20. Nf1 Rfd8 21. Rg3
Bc6 22. h4 Qb7 23. Qe2 Kh7 24. Bd2 Rd7 25. Re1 Rad8 26. Bc1 f5 27. e5 Bh6 28.
Nh3 Be4 29. Nh2 Rd3 30. Ng5+ Bxg5 31. Rxg5 Ng8 32. Rf1 Nh6 0-1

[Event "Jugend WM U20"]
[Site "Istanbul"]
[Date "2005.11.17"]
[Round "8.40"]
[White "Uzun, Fuat"]
[Black "Shlykov, Vitali"]
[Result "0-1"]
[WhiteElo "2070"]
[BlackElo "2238"]
[PlyCount "62"]
[EventDate "2005.11.??"]
[EventType "swiss"]
[EventRounds "13"]
[EventCountry "TUR"]
[Source "Reinhold Goldau"]
[SourceDate "2000.03.01"]

1. e4 e6 2. d4 d5 3. Nd2 Nf6 4. e5 Nfd7 5. Bd3 c5 6. c3 Nc6 7. Ne2 cxd4 8. cxd4
f6 9. exf6 Nxf6 10. O-O Bd6 11. Nf3 O-O 12. Bf4 Bxf4 13. Nxf4 Ne4 14. Qc1 Qd6
15. Ne2 Bd7 16. Qe3 Nb4 17. Bxe4 dxe4 18. Qxe4 Bc6 19. Qe5 Qxe5 20. Nxe5 Bb5
21. Nc3 Bxf1 22. Kxf1 Nc2 23. Rc1 Nxd4 24. Ne4 Rac8 25. Rd1 Rfd8 26. Ng5 Nc6
27. Re1 Nxe5 28. Rxe5 Rd5 29. f4 Rc2 30. Re2 Rd1+ 31. Kf2 Rdd2 0-1

[Event "Jugend WM U20"]
[Site "Istanbul"]
[Date "2005.11.17"]
[Round "8.42"]
[White "Tulay, Berkay"]
[Black "Akshat, Khamparia"]
[Result "0-1"]
[WhiteElo "2179"]
[BlackElo "2275"]
[PlyCount "96"]
[EventDate "2005.11.??"]
[EventType "swiss"]
[EventRounds "13"]
[EventCountry "TUR"]
[Source "Reinhold Goldau"]
[SourceDate "2000.03.01"]

1. e3 g6 2. c4 Bg7 3. Nc3 c5 4. g3 Nc6 5. Bg2 e5 6. Nge2 Nge7 7. d3 d6 8. a3
Be6 9. Nd5 O-O 10. Rb1 Rb8 11. Nec3 a6 12. b4 cxb4 13. axb4 b5 14. cxb5 Nxd5
15. Nxd5 Rxb5 16. Nf6+ Qxf6 17. Bxc6 Rb6 18. Bg2 Rfb8 19. Qa4 Bg4 20. f3 Be6
21. Bd2 Qd8 22. O-O d5 23. Rbc1 Bf8 24. Rb1 d4 25. e4 Bd6 26. f4 Bd7 27. Qa2
Be6 28. Qa4 f6 29. fxe5 fxe5 30. Rf2 Qd7 31. Qc2 a5 32. b5 Rxb5 33. Rxb5 Rxb5
34. h4 Be7 35. Kh2 Qc8 36. Qd1 Bb3 37. Qf3 a4 38. Bh6 a3 39. Bh3 Qd8 40. Rf1
Rb6 41. Rb1 a2 42. Rc1 Ba3 43. Rf1 Rf6 44. Qxf6 Qxf6 45. Rxf6 a1=Q 46. Rc6 Qb2+
47. Kg1 Qc3 48. Rxc3 dxc3 0-1

[Event "Jugend WM U20"]
[Site "Istanbul"]
[Date "2005.11.17"]
[Round "8.43"]
[White "Tanrikulu, Erhan"]
[Black "Uesugi, Shinsaku"]
[Result "1-0"]
[WhiteElo "2151"]
[BlackElo "2040"]
[PlyCount "97"]
[EventDate "2005.11.??"]
[EventType "swiss"]
[EventRounds "13"]
[EventCountry "TUR"]
[Source "Reinhold Goldau"]
[SourceDate "2000.03.01"]

1. e4 c5 2. c3 d6 3. d4 Nf6 4. Bd3 Nc6 5. Ne2 cxd4 6. cxd4 e5 7. d5 Nb8 8. O-O
Be7 9. Nbc3 O-O 10. Ng3 Nbd7 11. Be3 Nc5 12. Bc2 Ncd7 13. Rc1 Nb6 14. Bd3 Ng4
15. Bd2 Bd7 16. f3 Nf6 17. a4 Rc8 18. Qb3 Rb8 19. Be3 Nc8 20. Bb5 Qa5 21. Qa3
Bxb5 22. Nxb5 a6 23. Na7 Nxa7 24. Bxa7 Ra8 25. Nf5 Qd8 26. Qe3 Qd7 27. Qg5 g6
28. Bf2 Nxd5 29. Nxe7+ Nxe7 30. Qf6 Nc8 31. Be3 Qe7 32. Qxe7 Nxe7 33. Rc7 Nc6
34. Rd1 Rfc8 35. Rxb7 Na5 36. Rd7 Nc4 37. Bh6 Nxb2 38. R1xd6 Nxa4 39. Rf6 Rd8
40. Rdxf7 Nc5 41. Rg7+ Kh8 42. Rff7 Ne6 43. Rxh7+ Kg8 44. Kf2 a5 45. Kg3 a4 46.
Kg4 a3 47. Bg5 a2 48. Bf6 Rf8 49. Rxf8+ 1-0

[Event "Jugend WM U20"]
[Site "Istanbul"]
[Date "2005.11.17"]
[Round "8.44"]
[White "Lauda, Alexandr"]
[Black "Cil, Hasan Kivanc"]
[Result "0-1"]
[WhiteElo "2010"]
[BlackElo "2067"]
[PlyCount "62"]
[EventDate "2005.11.??"]
[EventType "swiss"]
[EventRounds "13"]
[EventCountry "TUR"]
[Source "Reinhold Goldau"]
[SourceDate "2000.03.01"]

1. e4 c6 2. d4 d5 3. exd5 cxd5 4. c4 Nf6 5. Nc3 e6 6. cxd5 Nxd5 7. Bd3 Nc6 8.
Nf3 Be7 9. O-O O-O 10. Re1 Qa5 11. Bd2 Ndb4 12. Bb1 Qh5 13. Ne4 f5 14. Ng3 Qg4
15. h3 Qg6 16. Bf4 Rd8 17. Qb3 Nd5 18. Ne5 Nxe5 19. Bxe5 b6 20. Bxf5 exf5 21.
Bc7 Be6 22. Bxd8 Rxd8 23. Qf3 Bd6 24. Rac1 Nf4 25. Ne2 Bd5 26. Nxf4 Bxf4 27.
Re8+ Qxe8 28. Qxf4 Qg6 29. g3 Qe6 30. Qg5 Re8 31. g4 Qe4 0-1

[Event "Jugend WM U20"]
[Site "Istanbul"]
[Date "2005.11.18"]
[Round "9.2"]
[White "Khairullin, Ildar"]
[Black "Gashimov, Vugar"]
[Result "1/2-1/2"]
[WhiteElo "2537"]
[BlackElo "2608"]
[PlyCount "55"]
[EventDate "2005.11.??"]
[EventType "swiss"]
[EventRounds "13"]
[EventCountry "TUR"]
[Source "Reinhold Goldau"]
[SourceDate "2000.03.01"]

1. e4 c5 2. Nf3 d6 3. d4 cxd4 4. Nxd4 Nf6 5. Nc3 a6 6. Be3 e5 7. Nb3 Be6 8. f3
Be7 9. Qd2 O-O 10. O-O-O b5 11. g4 b4 12. Nd5 Bxd5 13. exd5 a5 14. Kb1 a4 15.
Nc1 Qa5 16. g5 Nh5 17. Bh3 Na6 18. Bd7 Bd8 19. Nd3 Bb6 20. Bxb6 Qxb6 21. Bxa4
Nc5 22. Nxc5 Qxc5 23. Bb3 f5 24. Rc1 Rae8 25. c3 bxc3 26. Qxc3 Qf2 27. Rhf1 Qg2
28. Rg1 1/2-1/2

[Event "Jugend WM U20"]
[Site "Istanbul"]
[Date "2005.11.18"]
[Round "9.6"]
[White "Nyback, Tomi"]
[Black "Li, Chao"]
[Result "1-0"]
[WhiteElo "2563"]
[BlackElo "2305"]
[PlyCount "135"]
[EventDate "2005.11.??"]
[EventType "swiss"]
[EventRounds "13"]
[EventCountry "TUR"]
[Source "Reinhold Goldau"]
[SourceDate "2000.03.01"]

1. Nf3 Nf6 2. c4 g6 3. Nc3 Bg7 4. e4 c5 5. d4 cxd4 6. Nxd4 O-O 7. Be2 d6 8. O-O
Nc6 9. Be3 Bd7 10. Qd2 Nxd4 11. Bxd4 Bc6 12. f3 Qa5 13. Rab1 Rfc8 14. Rfd1 Qd8
15. Bf1 Qf8 16. Be3 Nd7 17. Rbc1 a5 18. b3 Nc5 19. Nd5 Bxd5 20. cxd5 Qe8 21.
Qe2 Rab8 22. Qb5 Qd8 23. Rc2 Ra8 24. Rdc1 Ra6 25. a3 Rb6 26. Qc4 Ra8 27. Rb1
Rba6 28. b4 axb4 29. axb4 Ra3 30. Bc1 R3a4 31. Kh1 b6 32. Qb5 Nd7 33. Be3 Ra3
34. Bf2 Ra1 35. Rxa1 Rxa1 36. g3 Nf8 37. Kg2 Qa8 38. Bxb6 Qa3 39. Qc4 Rb1 40.
b5 Nd7 41. Bf2 Ne5 42. Qc8+ Bf8 43. Be2 h5 44. b6 h4 45. gxh4 Nd3 46. Bxd3 Qxd3
47. Qc4 Qd1 48. Qe2 Qh1+ 49. Kg3 Bg7 50. Qd3 Rb4 51. f4 Bf6 52. Re2 Rb1 53. Kg4
Qxh2 54. Qh3 Rg1+ 55. Bxg1 Qxe2+ 56. Qf3 Qb2 57. Qf2 Qb1 58. Qe3 Kh7 59. Kg3
Bc3 60. Kg2 Bb4 61. Qe2 Bc5 62. h5 Qxb6 63. hxg6+ Kg8 64. Qh5 Kf8 65. Qg5 Ke8
66. e5 Kd7 67. f5 f6 68. e6+ 1-0

[Event "Jugend WM U20"]
[Site "Istanbul"]
[Date "2005.11.18"]
[Round "9.7"]
[White "Kharitonov, Alexandr"]
[Black "L'Ami, Erwin"]
[Result "0-1"]
[WhiteElo "2545"]
[BlackElo "2541"]
[PlyCount "80"]
[EventDate "2005.11.??"]
[EventType "swiss"]
[EventRounds "13"]
[EventCountry "TUR"]
[Source "Reinhold Goldau"]
[SourceDate "2000.03.01"]

1. d4 d5 2. c4 c6 3. Nc3 dxc4 4. e3 b5 5. a4 b4 6. Ne4 Qd5 7. Nd2 c3 8. bxc3
bxc3 9. Nb1 e6 10. Nxc3 Bb4 11. Bd2 Qa5 12. Ne4 Nf6 13. Nxf6+ gxf6 14. Nf3 O-O
15. Be2 Ba6 16. O-O c5 17. Bxb4 cxb4 18. Nd2 Nd7 19. Bxa6 Qxa6 20. a5 Rab8 21.
Qa4 Rb5 22. Rfc1 Rfb8 23. Nb3 Qd6 24. Rc4 f5 25. Rac1 Nf6 26. Rc5 Rxc5 27. Rxc5
Qa6 28. Qa2 Ne4 29. Rc2 Qd3 30. h3 h5 31. Qb2 h4 32. Nc5 Qd1+ 33. Kh2 b3 34.
Rc4 Qd2 35. Qb1 Qxf2 36. Nxe4 fxe4 37. Rc1 b2 38. Rd1 Qg3+ 39. Kh1 Qxe3 40. Qc2
Qb3 0-1

[Event "Jugend WM U20"]
[Site "Istanbul"]
[Date "2005.11.18"]
[Round "9.8"]
[White "Tomashevsky, Evgeny"]
[Black "Smeets, Jan"]
[Result "1/2-1/2"]
[WhiteElo "2564"]
[BlackElo "2531"]
[PlyCount "79"]
[EventDate "2005.11.??"]
[EventType "swiss"]
[EventRounds "13"]
[EventCountry "TUR"]
[Source "Reinhold Goldau"]
[SourceDate "2000.03.01"]

1. c4 e5 2. Nc3 Nf6 3. Nf3 Nc6 4. g3 d5 5. cxd5 Nxd5 6. Bg2 Nb6 7. O-O Be7 8.
a3 O-O 9. b4 Re8 10. d3 Bf8 11. Bb2 Bg4 12. h3 Be6 13. Ne4 f6 14. Rc1 Qd7 15.
Kh2 Rad8 16. Qc2 a6 17. Ba1 Qf7 18. Nfd2 Bd5 19. Rfe1 f5 20. Ng5 Qg6 21. e4
fxe4 22. dxe4 Bf7 23. Nxf7 Qxf7 24. Rf1 Rd7 25. h4 Be7 26. Nf3 Bf6 27. Bh3 Rd6
28. Bb2 Red8 29. Rfd1 Rxd1 30. Rxd1 Nc4 31. Bc1 Nd6 32. Qd3 Kf8 33. Kg2 Qg6 34.
Be3 Qxe4 35. Qxe4 Nxe4 36. Bf5 Nd6 37. Bxh7 a5 38. Nd2 Nc4 39. Nxc4 b5 40. Bc1
1/2-1/2

[Event "Jugend WM U20"]
[Site "Istanbul"]
[Date "2005.11.18"]
[Round "9.9"]
[White "Rau, Hannes"]
[Black "Alekseev, Evgeny"]
[Result "1/2-1/2"]
[WhiteElo "2421"]
[BlackElo "2632"]
[PlyCount "36"]
[EventDate "2005.11.??"]
[EventType "swiss"]
[EventRounds "13"]
[EventCountry "TUR"]
[Source "Reinhold Goldau"]
[SourceDate "2000.03.01"]

1. d4 Nf6 2. c4 e6 3. Nc3 Bb4 4. Qc2 O-O 5. a3 Bxc3+ 6. Qxc3 d6 7. Bg5 Nbd7 8.
e3 b6 9. Bd3 Bb7 10. f3 Rc8 11. Ne2 c5 12. b4 h6 13. Bh4 d5 14. bxc5 bxc5 15.
cxd5 Nxd5 16. Bxd8 Nxc3 17. Ba5 cxd4 18. exd4 Nd5 1/2-1/2

[Event "Jugend WM U20"]
[Site "Istanbul"]
[Date "2005.11.18"]
[Round "9.10"]
[White "Karakehajov, Kalin"]
[Black "Predojevic, Borki"]
[Result "1/2-1/2"]
[WhiteElo "2396"]
[BlackElo "2558"]
[PlyCount "79"]
[EventDate "2005.11.??"]
[EventType "swiss"]
[EventRounds "13"]
[EventCountry "TUR"]
[Source "Reinhold Goldau"]
[SourceDate "2000.03.01"]

1. d4 Nf6 2. Nf3 g6 3. Nbd2 Bg7 4. c3 O-O 5. e4 d6 6. Be2 c5 7. O-O Qc7 8. Re1
e5 9. dxe5 dxe5 10. Qc2 Nc6 11. a4 b6 12. Nf1 h6 13. Ne3 Bb7 14. Nd2 Rfd8 15.
Bc4 Na5 16. Ba2 c4 17. Nexc4 Nxc4 18. Bxc4 Rxd2 19. Bxf7+ Qxf7 20. Bxd2 g5 21.
a5 Rf8 22. axb6 axb6 23. Be3 Bxe4 24. Qa4 Qe6 25. Qd1 Bb7 26. Ra7 Qc6 27. Qb3+
Kh8 28. f3 Nd5 29. Bf2 Ba8 30. Rd1 g4 31. Rxa8 Rxa8 32. Rxd5 gxf3 33. gxf3 Qg6+
34. Bg3 e4 35. fxe4 Qxe4 36. Qd1 Rf8 37. Qd3 Qa4 38. Qe2 Qc6 39. Qd3 Qa4 40.
Qe2 1/2-1/2

[Event "Jugend WM U20"]
[Site "Istanbul"]
[Date "2005.11.18"]
[Round "9.12"]
[White "Livshits, Gaby"]
[Black "Magalashvili, Davit"]
[Result "0-1"]
[WhiteElo "2381"]
[BlackElo "2448"]
[PlyCount "148"]
[EventDate "2005.11.??"]
[EventType "swiss"]
[EventRounds "13"]
[EventCountry "TUR"]
[Source "Reinhold Goldau"]
[SourceDate "2000.03.01"]

1. e4 c5 2. Ne2 d6 3. g3 g6 4. Bg2 Bg7 5. d4 cxd4 6. Nxd4 Nf6 7. O-O O-O 8. Nc3
a6 9. h3 Nbd7 10. Bg5 Ne5 11. Qe2 Bd7 12. Rad1 Rc8 13. Nd5 e6 14. Nxf6+ Bxf6
15. Bxf6 Qxf6 16. c3 Rfd8 17. f4 Nc6 18. Nf3 Qe7 19. Qd2 Be8 20. f5 Ne5 21. Nd4
Bc6 22. Qh6 exf5 23. Nxc6 bxc6 24. exf5 f6 25. fxg6 hxg6 26. c4 Rf8 27. b3 Rcd8
28. Qe3 Qc7 29. Rf4 Kg7 30. Rdf1 Qa5 31. Qe2 Qc5+ 32. Kh1 a5 33. Qd2 Qb4 34.
Qe2 Rf7 35. Rd1 a4 36. c5 Qxc5 37. Rxa4 Qc3 38. Qf2 d5 39. Rad4 Ra8 40. R4d2
Qb4 41. Rc2 Qd6 42. Qf4 Rfa7 43. Rdd2 Ra6 44. Bf1 Rb6 45. Bg2 Rba6 46. Bf1 R6a7
47. Bg2 Re7 48. Rd1 Rae8 49. Kh2 Re6 50. Rdd2 Qe7 51. Qd4 Nf7 52. Rf2 Qd6 53.
Rc3 Ng5 54. Rfc2 Qd7 55. Qg4 Nf7 56. Qa4 Ne5 57. Qd4 R6e7 58. Rf2 Rh8 59. Kg1
Re6 60. Rc1 Qe7 61. Rcf1 Nf7 62. Qg4 Rh5 63. b4 Rg5 64. Qh4 Qd6 65. b5 cxb5 66.
Kh2 Nh6 67. Rxf6 Rxf6 68. Qxg5 Nf5 69. h4 d4 70. h5 d3 71. Be4 d2 72. Rd1 Qe7
73. Bd3 Ne3 74. h6+ Kh8 0-1

[Event "Jugend WM U20"]
[Site "Istanbul"]
[Date "2005.11.18"]
[Round "9.13"]
[White "Esen, Baris"]
[Black "Zhigalko, Andrey"]
[Result "1/2-1/2"]
[WhiteElo "2384"]
[BlackElo "2537"]
[PlyCount "114"]
[EventDate "2005.11.??"]
[EventType "swiss"]
[EventRounds "13"]
[EventCountry "TUR"]
[Source "Reinhold Goldau"]
[SourceDate "2000.03.01"]

1. e4 c5 2. Nf3 d6 3. d4 cxd4 4. Nxd4 Nf6 5. Nc3 a6 6. Bg5 Nc6 7. Qd2 e6 8.
O-O-O Bd7 9. f4 h6 10. Bh4 Nxe4 11. Qe1 Nf6 12. Nf5 Qa5 13. Nxd6+ Bxd6 14. Rxd6
Qc7 15. Qd2 O-O-O 16. Be2 Ne7 17. Rd1 Nf5 18. Bxf6 gxf6 19. Rd3 Bc6 20. g3 Rxd3
21. Bxd3 Rd8 22. Qf2 Qa5 23. a3 Nd6 24. Re1 h5 25. Ne4 Nxe4 26. Bxe4 Bxe4 27.
Rxe4 Qd5 28. Re1 h4 29. Kb1 h3 30. Re2 Qd1+ 31. Ka2 Kb8 32. g4 Qd5+ 33. b3 Qd4
34. Qe3 Rd6 35. Qxh3 Qxf4 36. Qg3 Rd4 37. Rf2 Qxg3 38. hxg3 Rxg4 39. Rxf6 Rg7
40. Kb2 Kc7 41. Kc1 Kd6 42. Kd2 Ke5 43. Rf3 f5 44. Ke2 Rc7 45. c4 Rh7 46. Rd3
Rh2+ 47. Kf3 Rb2 48. b4 Rc2 49. c5 Rc4 50. Rd7 Rc3+ 51. Kg2 Rxa3 52. Rxb7 Ke4
53. Ra7 Ra2+ 54. Kh3 Kf3 55. b5 Ra1 56. Kh2 Ra2+ 57. Kh3 Ra1 1/2-1/2

[Event "Jugend WM U20"]
[Site "Istanbul"]
[Date "2005.11.18"]
[Round "9.14"]
[White "Poobesh Anand, S."]
[Black "Laznicka, Viktor"]
[Result "1/2-1/2"]
[WhiteElo "2397"]
[BlackElo "2517"]
[PlyCount "45"]
[EventDate "2005.11.??"]
[EventType "swiss"]
[EventRounds "13"]
[EventCountry "TUR"]
[Source "Reinhold Goldau"]
[SourceDate "2000.03.01"]

1. d4 Nf6 2. c4 e6 3. Nc3 Bb4 4. e3 O-O 5. Bd3 c5 6. Nf3 d5 7. O-O Nc6 8. a3
Bxc3 9. bxc3 dxc4 10. Bxc4 Qc7 11. Qc2 e5 12. Bd3 Re8 13. e4 exd4 14. cxd4 Bg4
15. e5 Bxf3 16. exf6 Nxd4 17. Bxh7+ Kh8 18. fxg7+ Kxg7 19. Bb2 Rad8 20. Bf5 Re2
21. Bxd4+ Rxd4 22. Qc3 Bd5 23. Rfe1 1/2-1/2

[Event "Jugend WM U20"]
[Site "Istanbul"]
[Date "2005.11.18"]
[Round "9.15"]
[White "Mamedov, Nidjat"]
[Black "Wen, Yang"]
[Result "0-1"]
[WhiteElo "2517"]
[BlackElo "2374"]
[PlyCount "75"]
[EventDate "2005.11.??"]
[EventType "swiss"]
[EventRounds "13"]
[EventCountry "TUR"]
[Source "Reinhold Goldau"]
[SourceDate "2000.03.01"]

1. e4 c5 2. Nf3 Nc6 3. Bb5 g6 4. O-O Bg7 5. Bxc6 dxc6 6. h3 b6 7. d3 e5 8. Nc3
Ne7 9. a3 a5 10. Be3 a4 11. Qd2 h6 12. b3 f5 13. exf5 gxf5 14. Qe1 axb3 15.
cxb3 O-O 16. b4 f4 17. Bd2 cxb4 18. axb4 Rxa1 19. Qxa1 Qxd3 20. Qa2+ Kh8 21.
Qb1 Qxb1 22. Rxb1 Bf5 23. Re1 Rd8 24. b5 cxb5 25. Nxb5 Nc6 26. Rc1 Be4 27. Be1
Bd5 28. Nh4 Kh7 29. f3 e4 30. fxe4 Bxe4 31. Bf2 Bf6 32. Rc4 Rd1+ 33. Kh2 Bd5
34. Rc2 Rf1 35. Nf3 Ne5 36. Nbd4 b5 37. Nxe5 Bxe5 38. Nf5 0-1

[Event "Jugend WM U20"]
[Site "Istanbul"]
[Date "2005.11.18"]
[Round "9.16"]
[White "Perdomo, Leandro"]
[Black "Zhigalko, Sergei"]
[Result "0-1"]
[WhiteElo "2373"]
[BlackElo "2490"]
[PlyCount "115"]
[EventDate "2005.11.??"]
[EventType "swiss"]
[EventRounds "13"]
[EventCountry "TUR"]
[Source "Reinhold Goldau"]
[SourceDate "2000.03.01"]

1. d4 Nf6 2. c4 e6 3. Nc3 Bb4 4. e3 O-O 5. Bd3 c5 6. Nf3 Nc6 7. O-O Bxc3 8.
bxc3 d6 9. Nd2 e5 10. Rb1 b6 11. Qc2 h6 12. d5 Na5 13. Nb3 e4 14. Bxe4 Nxe4 15.
Qxe4 Qg5 16. Ra1 Bf5 17. Qf3 Bg4 18. Qg3 Nxc4 19. e4 Qg6 20. Bf4 f5 21. f3 Bh5
22. Rae1 Qxg3 23. hxg3 Bg6 24. Nd2 Nxd2 25. Bxd2 fxe4 26. Bf4 Rfe8 27. c4 Rad8
28. Re3 exf3 29. gxf3 Rxe3 30. Bxe3 Bd3 31. Rc1 Rf8 32. Rc3 Bb1 33. Bf4 Rf6 34.
Ra3 g5 35. Bd2 Rf7 36. f4 g4 37. f5 Kh7 38. Bf4 Rd7 39. f6 Kg6 40. f7 Kxf7 41.
Bxh6 Kg6 42. Be3 Kf5 43. Kf2 Ke4 44. Ke2 Rf7 45. Bf4 Kd4 46. Bxd6 Kxc4 47. Bb8
Kxd5 48. Bxa7 Rb7 49. Kd2 Kc6 50. Ra6 Kb5 51. Ra3 Bg6 52. Ke3 Bf7 53. Kf4 Bc4
54. Bxb6 Rxb6 55. Kxg4 Ra6 56. Re3 Rxa2 57. Kh5 Rg2 58. Kh4 0-1

[Event "Jugend WM U20"]
[Site "Istanbul"]
[Date "2005.11.18"]
[Round "9.17"]
[White "Zinchenko, Yaroslav"]
[Black "Glud, Jacob Vang"]
[Result "1/2-1/2"]
[WhiteElo "2485"]
[BlackElo "2349"]
[PlyCount "63"]
[EventDate "2005.11.??"]
[EventType "swiss"]
[EventRounds "13"]
[EventCountry "TUR"]
[Source "Reinhold Goldau"]
[SourceDate "2000.03.01"]

1. e4 c5 2. Nf3 e6 3. d4 cxd4 4. Nxd4 a6 5. Nc3 b5 6. Bd3 Qb6 7. Nb3 Qc7 8. a4
b4 9. Ne2 Bb7 10. Bf4 d6 11. c3 bxc3 12. Nxc3 Nf6 13. O-O Be7 14. Rc1 Nc6 15.
Bb1 O-O 16. Nd5 exd5 17. exd5 Qd7 18. dxc6 Bxc6 19. Nd4 Bxa4 20. Qf3 Rfe8 21.
Nf5 Bf8 22. Bg5 Qe6 23. Rc7 Qe2 24. Nh6+ gxh6 25. Bxh7+ Kxh7 26. Rxf7+ Kg8 27.
Rxf8+ Kxf8 28. Qxf6+ Kg8 29. Qg6+ Kf8 30. Qxh6+ Kg8 31. Qg6+ Kf8 32. Qf6+
1/2-1/2

[Event "Jugend WM U20"]
[Site "Istanbul"]
[Date "2005.11.18"]
[Round "9.18"]
[White "Cornette, Matthieu"]
[Black "Gopal, GN."]
[Result "0-1"]
[WhiteElo "2418"]
[BlackElo "2327"]
[PlyCount "82"]
[EventDate "2005.11.??"]
[EventType "swiss"]
[EventRounds "13"]
[EventCountry "TUR"]
[Source "Reinhold Goldau"]
[SourceDate "2000.03.01"]

1. e4 c5 2. Nf3 d6 3. d4 cxd4 4. Nxd4 Nf6 5. Nc3 a6 6. Bc4 e6 7. Bb3 b5 8. f4
b4 9. Na4 Be7 10. e5 dxe5 11. fxe5 Ne4 12. Be3 Bb7 13. O-O O-O 14. c3 bxc3 15.
bxc3 Nc6 16. Rb1 Qc7 17. Bc2 Nxd4 18. Bxd4 Rad8 19. Rxb7 Qxb7 20. Qf3 Rxd4 21.
cxd4 f5 22. Rd1 Qc6 23. Bb3 Kh8 24. h3 Rd8 25. Kh2 Qc7 26. g3 Bb4 27. Qe2 Qc6
28. Qc4 Qb7 29. d5 exd5 30. Rxd5 Rxd5 31. Qxd5 Qxd5 32. Bxd5 Nc3 33. Nb6 g6 34.
Bc4 Kg7 35. Kg2 a5 36. Kf3 Ne4 37. Bd5 Nc3 38. Bb3 Ne4 39. e6 Nd2+ 40. Ke3 Nxb3
41. Nd5 Nc5 0-1